The crayfishers / (Record no. 9143)

MARC details
000 -LEADER
fixed length control field 00971nam a22002297a 4500
001 - CONTROL NUMBER
control field 9143
003 - CONTROL NUMBER IDENTIFIER
control field FISKH
005 - DATE AND TIME OF LATEST TRANSACTION
control field 20251216083447.0
008 - FIXED-LENGTH DATA ELEMENTS--GENERAL INFORMATION
fixed length control field 251125b cb ||||| |||| 00| 0 eng d
040 ## - CATALOGING SOURCE
Original cataloging agency FISKH
Language of cataloging eng
Transcribing agency FISKH
Modifying agency FISKH
082 ## - DEWEY DECIMAL CLASSIFICATION NUMBER
Classification number 639.56
100 ## - MAIN ENTRY--PERSONAL NAME
Personal name Harper, Ron
245 ## - TITLE STATEMENT
Title The crayfishers /
Statement of responsibility, etc. story by Ron Harper ; assisted by Rina Micalizzi.
260 ## - PUBLICATION, DISTRIBUTION, ETC.
Place of publication, distribution, etc. Richmond :
Name of publisher, distributor, etc. Hodja Educational Resources,
Date of publication, distribution, etc. 1985.
300 ## - PHYSICAL DESCRIPTION
Extent 16 pages :
Other physical details color illustrations ;
Dimensions 20 cm
520 ## - SUMMARY, ETC.
Summary, etc. A simple informational story showing how crayfishers prepare equipment, set traps, work on boats, and collect crayfish. Includes illustrations and audio to support learning.
650 ## - SUBJECT ADDED ENTRY--TOPICAL TERM
Topical term or geographic name entry element Crayfish fisheries. 650 _0|aFishing|vJuvenile literature. 650 _0|aOccupations|vJuvenile literature. 651 0|aAustralia|vJuvenile literature
Form subdivision Juvenile literature
650 ## - SUBJECT ADDED ENTRY--TOPICAL TERM
Topical term or geographic name entry element Crayfish
Form subdivision Juvenile literature
700 ## - ADDED ENTRY--PERSONAL NAME
Personal name Micalizzi, Rina
Relator term assistant
942 ## - ADDED ENTRY ELEMENTS (KOHA)
Source of classification or shelving scheme Dewey Decimal Classification
Koha item type Books
Suppress in OPAC No
Holdings
Withdrawn status Lost status Source of classification or shelving scheme Damaged status Not for loan Collection Home library Current library Shelving location Date acquired Total Checkouts Full call number Barcode Date last seen Copy number Price effective from Koha item type
    Dewey Decimal Classification     Non-Fiction Footprints International School Library Network Toul Tom Poung Campus Footprints International School Library Network Toul Tom Poung Campus TTP Primary Orange Bookshelves 11/25/2025   HAR 639.56 PZ7 2025-4901 11/25/2025 1 11/25/2025 Books